Anthropology and archaeology : a changing relationship

Αποθηκεύτηκε σε:
Λεπτομέρειες βιβλιογραφικής εγγραφής
Κύριος συγγραφέας: Gosden, Chris 1955-
Μορφή: Βιβλίο
Γλώσσα:English
Δημοσίευση: London : Routledge, 1999
Θέματα:
Ετικέτες: Προσθήκη ετικέτας
Δεν υπάρχουν, Καταχωρήστε ετικέτα πρώτοι!

MARC

LEADER 00000nam a2200000 i 4500
001 1/90267
008 080701s1999 eng d
020 |a 0-415-16250-5 (pbk.) 
035 |l 10098613 
040 |a GR-MY-UA  |b gre  |e aacr 
041 0 |a eng 
082 0 |a 301.01  |2 (22) 
100 1 |a Gosden, Chris  |d 1955- 
245 1 0 |a Anthropology and archaeology :  |b a changing relationship /  |c Christopher Gosden 
260 |a London :   |b Routledge,   |c 1999 
300 |a xiii, 228 σ.;  |b εικ., χάρτες;  |c 24 εκ. 
504 |a Βιβλιογραφία: σ. [206]-220 
504 |a Ευρετήριο: σ. [221]-228 
650 0 0 |a Anthropology  |x Methodology. 
650 0 0 |a Archaeology  |x Methodology. 
650 0 0 |a Ethnoarchaeology. 
852 |a INST  |b LESVOS  |e 20080701  |h 301.01 GOS  |p 005100041693  |q 005100041693  |t BK  |y 0 
901 |a BIBL1-2008-2 
909 |a Λ  |b 144681 
922 |a 1ΕΛΗ  |b 200801  |c ΕΠΕΑΕΚ2/ΤΚΑ  |d ΠΑΠΑΣΩΤΗΡΙΟΥ 
970 |a ΚΑΡΑ  |b ΓΙΑΣΕΜΗ  |z 2008/07/01